000 00740nam a2200253Ia 4500
003 OSt
005 20220928113948.0
006 a|||||r|||| 00| 0
007 ta
008 220927b |||||||| |||| 00| 0 eng d
020 _c550
024 _a109263
037 _b53, 27/08/2010, Sunrise Books
_cTextual
040 _aSDCL
_cSDCL
_beng
041 _2eng
_aeng
082 _aV2:48'P, Q0
100 _aBhambhri C P
245 0 _aCoalition politics in india
_b First decade of 21st Century
260 _aNew Delhi
_bShipra Publications
_c2010
300 _aviii,183p
_ccm.
650 _aPolitical Science
942 _hV2:48'P, Q0
_cTEXL
_2CC
999 _c752188
_d752188